UBT Library

Textbook of medical physiology / (Record no. 43257)

000 -LEADER
fixed length control field 00839cam a22002894a 4500
001 - CONTROL NUMBER
control field 13735571
005 - DATE AND TIME OF LATEST TRANSACTION
control field 20180223072343.0
008 - FIXED-LENGTH DATA ELEMENTS--GENERAL INFORMATION
fixed length control field 040929s2006 paua b 001 0 eng
010 ## - LIBRARY OF CONGRESS CONTROL NUMBER
LC control number 2004051421
020 ## - INTERNATIONAL STANDARD BOOK NUMBER
International Standard Book Number 0721602401
035 ## - SYSTEM CONTROL NUMBER
System control number (DNLM)101230989
040 ## - CATALOGING SOURCE
Original cataloging agency DNLM/DLC
Transcribing agency DLC
Modifying agency DLC
041 ## - LANGUAGE CODE
Language code of text/sound track or separate title eng
042 ## - AUTHENTICATION CODE
Authentication code pcc
060 10 - NATIONAL LIBRARY OF MEDICINE CALL NUMBER
Classification number QT 104
Item number G992t 2006
080 ## - UNIVERSAL DECIMAL CLASSIFICATION NUMBER
Universal Decimal Classification number 612 GUY
082 00 - DEWEY DECIMAL CLASSIFICATION NUMBER
Classification number 612 GUY
Edition number 22
100 1# - Rafti
Rafti 7
101 ## - Shkurtesa
Shkurtesa ANA
245 10 - TITLE STATEMENT
Title Textbook of medical physiology /
Statement of responsibility, etc Arthur C. Guyton, John E. Hall.
246 30 - VARYING FORM OF TITLE
Title proper/short title Medical physiology
504 ## - BIBLIOGRAPHY, ETC. NOTE
Bibliography, etc Includes bibliographical references and index.
906 ## - LOCAL DATA ELEMENT F, LDF (RLIN)
a 7
b cbc
c orignew
d 1
e ocip
f 20
g y-gencatlg
942 ## - ADDED ENTRY ELEMENTS (KOHA)
Source of classification or shelving scheme
Item type Books
Holdings
Withdrawn status Lost status Source of classification or shelving scheme Damaged status Not for loan Collection code Permanent location Current location Shelving location Date acquired Total Checkouts Full call number Barcode Date last seen Price effective from Koha item type
          Koleksioni i përgjithshem UBT - Lipjan UBT - Lipjan Koleksioni i përgjithshem 02/23/2018   612 GUY 002-2999542 02/23/2018 02/23/2018 Books
UBT Library © 2015-2024. All rights reserved University Education for Business and Technology